000 00922cab a2200313 4500
001 ABS56312
008 090401t1996 xxu||||| |||| 00| 0 eng d
035 _a(Sirsi) u22775
041 _aeng
100 _aBeare, M.
245 _aInvestigation and testing of buildings
260 _c1996
350 _a0
490 _aConstruction Repair
_v10(6) November/December 1996, 11-13(3)
520 _aDetails methods of testing for and assessment of deterioration in new and old buildings concentrating on the fabric of the structure.
650 _aBUILDING DEFECTS
650 _aCHLORIDE IONS
650 _aCONCRETE
650 _aDAMP
650 _aDEFECTS
650 _aDESALINATION
650 _aGROUND MOVEMENT
650 _aHIGH ALUMINA CEMENT
650 _aMORTAR
650 _aRE-ALKALISATION
690 _aBUILDING AND CONSTRUCTION-REPAIRS AND MAINTENANCE
942 _n0
948 _c04/03/1997
999 _c15268
_d15268